[Event "Barbera del Valles"]
[Site "XXIX Open"]
[Date "2006.07.06"]
[Round "2"]
[White "Lux, Gregory"]
[Black "Cuartas, Jaime Alexander"]
[Result "0-1"]
[WhiteElo "2082"]
[BlackElo "2466"]
[PlyCount "70"]
[EventDate "2006.07.05"]
[SourceDate "2006.07.06"]

1. e4 c5 2. Nc3 Nc6 3. g3 g6 4. d3 Bg7 5. Be3 d6 6. Bg2 Rb8 7. Qd2 b5 8. Nd1 h6
9. h3 b4 10. Ne2 Nd4 11. Nc1 e5 12. O-O Ne7 13. f4 exf4 14. gxf4 f5 15. c3 Ne6
16. d4 bxc3 17. bxc3 cxd4 18. cxd4 fxe4 19. Bxe4 d5 20. Bc2 O-O 21. Ne2 Nc7 22.
Nf2 Bf5 23. Bb3 Ne8 24. Ng3 Nf6 25. Rac1 Kh7 26. Nxf5 Nxf5 27. Rfe1 Nh5 28. Bd1
Nxe3 29. Bxh5 Nf5 30. Bg4 Nxd4 31. Nd3 h5 32. Ne5 Qb6 33. Kh1 hxg4 34. Nd7 Nf3
35. Qxd5 Qf2 0-1

[Event "Barbera del Valles"]
[Site "XXIX Open"]
[Date "2006.07.06"]
[Round "2"]
[White "Cruz, Filemon"]
[Black "Martinez Balaguer, Josep"]
[Result "1-0"]
[WhiteElo "2397"]
[BlackElo "1937"]
[PlyCount "81"]
[EventDate "2006.07.05"]
[SourceDate "2006.07.06"]

1. d4 f5 2. g3 Nf6 3. Bg2 g6 4. Nh3 Bg7 5. c3 c6 6. Nd2 O-O 7. Nf3 d6 8. Nf4
Qe8 9. Qb3+ Kh8 10. Ne6 Bxe6 11. Qxe6 Na6 12. Qb3 Rb8 13. Ng5 Nc7 14. Ne6 Nxe6
15. Qxe6 Qf7 16. Qxf7 Rxf7 17. a4 e5 18. dxe5 dxe5 19. Be3 a6 20. O-O-O e4 21.
Kc2 b5 22. axb5 axb5 23. Bf4 Rc8 24. f3 Re7 25. Bg5 exf3 26. Bxf3 h6 27. Bxf6
Bxf6 28. Rd6 Kg7 29. Ra1 g5 30. Ra6 g4 31. Bxc6 Rxe2+ 32. Kb3 Bg5 33. Rd7+ Kf8
34. Bxb5 Rb8 35. Rd5 Rf2 36. Kc4 Rxb2 37. Rxf5+ Kg7 38. Bc6 Rxh2 39. Ra7+ Kg6
40. Be4 Rc8+ 41. Rc5+ 1-0

[Event "Barbera del Valles"]
[Site "XXIX Open"]
[Date "2006.07.06"]
[Round "2"]
[White "Porras Mateo, Felipe"]
[Black "Alonso Moyano, Jonathan"]
[Result "1-0"]
[WhiteElo "2025"]
[BlackElo "2372"]
[PlyCount "49"]
[EventDate "2006.07.05"]
[SourceDate "2006.07.06"]

1. e4 c5 2. Nf3 d6 3. d4 cxd4 4. Nxd4 Nf6 5. Nc3 g6 6. Be3 Bg7 7. f3 Nc6 8. Bc4
O-O 9. Qd2 Bd7 10. O-O-O Ne5 11. Bb3 Rc8 12. h4 h5 13. Bh6 Bxh6 14. Qxh6 Rxc3
15. bxc3 Qa5 16. g4 Qxc3 17. Kb1 Rc8 18. gxh5 Nxh5 19. Rhg1 Ng7 20. h5 e6 21.
hxg6 Nxg6 22. f4 Qe3 23. Nf5 Qc3 24. Rxd6 Be8 25. Qxg7+ 1-0

[Event "Barbera del Valles"]
[Site "XXIX Open"]
[Date "2006.07.06"]
[Round "2"]
[White "Vehi Bach, Victor"]
[Black "Severri Arrese, Carlos"]
[Result "1/2-1/2"]
[WhiteElo "2345"]
[BlackElo "2069"]
[PlyCount "102"]
[EventDate "2006.07.05"]
[SourceDate "2006.07.06"]

1. e4 e6 2. d4 d5 3. Nc3 Bb4 4. e5 c5 5. a3 Bxc3+ 6. bxc3 Qc7 7. Qg4 f5 8. Qg3
cxd4 9. cxd4 Ne7 10. Ne2 O-O 11. c3 b6 12. Nf4 Qd7 13. a4 Ba6 14. Bb5 Bxb5 15.
axb5 Kf7 16. Ba3 Re8 17. h4 Qxb5 18. Nh5 Ng6 19. Nxg7 Kxg7 20. h5 Nd7 21. hxg6
h5 22. Rxh5 Rh8 23. Rh7+ Rxh7 24. gxh7+ Kh8 25. Be7 Qb2 26. Rd1 Qc2 27. Bf6+
Nxf6 28. exf6 Qe4+ 29. Kd2 Qg4 30. Qxg4 fxg4 31. Re1 Re8 32. Ra1 a5 33. Rb1
Kxh7 34. Rxb6 Kg6 35. Ra6 Kxf6 36. Rxa5 Rh8 37. Ke3 Rc8 38. Rc5 Ra8 39. Kf4 Ra2
40. Kg3 Rc2 41. Rc8 Kf7 42. f3 gxf3 43. Kxf3 Rc1 44. Kg4 Ke7 45. Kg5 e5 46.
dxe5 d4 47. Kf4 dxc3 48. Ke3 c2 49. Kd2 Rg1 50. Kxc2 Rxg2+ 51. Kd3 Rg4 1/2-1/2

[Event "Barbera del Valles"]
[Site "XXIX Open"]
[Date "2006.07.06"]
[Round "2"]
[White "Berrocal Farina, Jorge"]
[Black "Rafols Albet, Josep"]
[Result "1-0"]
[WhiteElo "2317"]
[BlackElo "2072"]
[PlyCount "103"]
[EventDate "2006.07.05"]
[SourceDate "2006.07.06"]

1. e4 e5 2. Nf3 Nf6 3. d4 d5 4. Nxe5 Nxe4 5. Bd3 Bd6 6. O-O O-O 7. c4 c6 8. Nc3
Qh4 9. g3 Nxc3 10. bxc3 Qf6 11. Re1 Nd7 12. cxd5 Nxe5 13. dxe5 Bxe5 14. Qh5 Bf5
15. Qxf5 Qxf5 16. Bxf5 Bxc3 17. Ba3 Rfd8 18. dxc6 bxc6 19. Rec1 Bxa1 20. Rxa1
g6 21. Be4 Rac8 22. Bc5 a6 23. Rc1 Re8 24. Bf3 Re5 25. h4 Rd8 26. Kg2 Rd2 27.
a4 Re6 28. a5 Rd8 29. h5 Kg7 30. Be3 Rc8 31. h6+ Kf8 32. Bg4 f5 33. Be2 g5 34.
Bxa6 Ra8 35. Bc5+ Ke8 36. Bc4 Re5 37. Bb6 Kd7 38. Rd1+ Ke7 39. a6 Re4 40. Bc5+
Ke8 41. Rd4 Re5 42. Bb6 Ke7 43. a7 Re1 44. Bc5+ Ke8 45. Rd6 Re7 46. Rf6 Raxa7
47. Bxe7 Rxe7 48. Rxf5 Re4 49. Bg8 c5 50. Rxc5 Kf8 51. Rc8+ Ke7 52. Bxh7 1-0

[Event "Barbera del Valles"]
[Site "XXIX Open"]
[Date "2006.07.06"]
[Round "2"]
[White "Montell Zabay, Albert"]
[Black "Asensio Linan, Teodoro"]
[Result "0-1"]
[WhiteElo "2158"]
[BlackElo "2244"]
[PlyCount "54"]
[EventDate "2006.07.05"]
[SourceDate "2006.07.06"]

1. e4 e5 2. Nf3 Nc6 3. Bb5 Nd4 4. Bc4 d5 5. Bxd5 Nf6 6. Bxf7+ Kxf7 7. Nxe5+ Ke8
8. d3 c6 9. c3 Ne6 10. Qe2 Bd6 11. f4 Qc7 12. d4 c5 13. Na3 cxd4 14. Nb5 Qe7
15. Nc4 Bc5 16. e5 Nd5 17. Qe4 Ne3 18. Bxe3 dxe3 19. Ncd6+ Kf8 20. Ke2 Bd7 21.
f5 Bc6 22. f6 gxf6 23. exf6 Qd7 24. Qe5 Rg8 25. f7 Rxg2+ 26. Ke1 Rg7 27. Rd1
Bxh1 0-1

[Event "Barbera del Valles"]
[Site "XXIX Open"]
[Date "2006.07.06"]
[Round "2"]
[White "Frances Cuscullola, Oriol"]
[Black "Chalmeta Ugas, Jordi"]
[Result "0-1"]
[WhiteElo "2009"]
[BlackElo "2093"]
[PlyCount "82"]
[EventDate "2006.07.05"]
[SourceDate "2006.07.06"]

1. Nf3 Nf6 2. g3 d5 3. d4 Bf5 4. Bg2 e6 5. Nbd2 h6 6. b3 Be7 7. Bb2 O-O 8. O-O
Nbd7 9. c4 c6 10. Re1 Qc7 11. a3 Ne4 12. b4 Ndf6 13. c5 a5 14. h3 b5 15. Qb3 a4
16. Qe3 g5 17. Ne5 Kg7 18. Nxe4 dxe4 19. f4 Nd5 20. Qf2 f6 21. Ng4 gxf4 22.
gxf4 Qxf4 23. Qxf4 Nxf4 24. Bc1 Bxg4 25. Bxf4 Bf5 26. Kf2 Bg6 27. h4 e5 28. Bg3
exd4 29. Rad1 Rad8 30. e3 Bh5 31. Rxd4 Rxd4 32. exd4 f5 33. Ke3 Kf7 34. Bh3 Rg8
35. Kf2 Bg4 36. Bg2 f4 37. Bxe4 fxg3+ 38. Kxg3 Bf5+ 39. Kf4 Bxh4 40. Rf1 Bxe4
41. Kxe4+ Ke6 0-1

[Event "Barbera del Valles"]
[Site "XXIX Open"]
[Date "2006.07.06"]
[Round "2"]
[White "Ruiz Manchon, Francesc Xavier"]
[Black "Gomez Jurado, Luis Alberto"]
[Result "0-1"]
[WhiteElo "2152"]
[BlackElo "2333"]
[PlyCount "54"]
[EventDate "2006.07.05"]
[SourceDate "2006.07.06"]

1. e4 c5 2. c3 e6 3. d4 d5 4. exd5 Qxd5 5. Nf3 Nf6 6. Be3 Nc6 7. Bd3 cxd4 8.
cxd4 Be7 9. Nc3 Qd6 10. a3 O-O 11. Qc2 a6 12. O-O g6 13. Rad1 b5 14. Qe2 Bb7
15. Bb1 b4 16. axb4 Nxb4 17. Ne5 Rfc8 18. Bc1 a5 19. Rfe1 a4 20. Qe3 Bf8 21.
Qh3 Bg7 22. Re3 Nbd5 23. Nxd5 Nxd5 24. Ree1 a3 25. Nxf7 Kxf7 26. Qxh7 Ne7 27.
Bg5 Qd5 0-1

[Event "Barbera del Valles"]
[Site "XXIX Open"]
[Date "2006.07.06"]
[Round "2"]
[White "Lazaro Porta, Angel"]
[Black "Garcia Jimenez, Francisco Javier"]
[Result "1/2-1/2"]
[WhiteElo "2151"]
[BlackElo "2270"]
[PlyCount "164"]
[EventDate "2006.07.05"]
[SourceDate "2006.07.06"]

1. c4 e5 2. Nc3 Nc6 3. Nf3 g6 4. g3 Bg7 5. Bg2 d6 6. O-O Be6 7. d3 h6 8. h3 Qd7
9. Kh2 Nge7 10. Ng1 O-O 11. Nd5 f5 12. f4 Rae8 13. Bd2 Nd8 14. Ba5 Bxd5 15.
cxd5 exf4 16. gxf4 Bxb2 17. Rb1 Bg7 18. Qc2 c5 19. dxc6 bxc6 20. Bc3 Bxc3 21.
Qxc3 d5 22. e4 Qd6 23. e5 Qd7 24. Nf3 Ne6 25. Nd4 Rb8 26. Nxe6 Qxe6 27. Qc5 Qd7
28. Rfc1 Rfd8 29. a4 Kh7 30. Rb4 Rxb4 31. Qxb4 g5 32. fxg5 hxg5 33. Rb1 Ng6 34.
d4 Nf4 35. Bf1 Kg6 36. Qc3 Rh8 37. Kg1 Rxh3 38. Qc5 Ne6 39. Qd6 Qxd6 40. exd6
Ra3 41. d7 Kf7 42. Re1 Ke7 43. Rxe6+ Kxd7 44. Re5 Rxa4 45. Rxf5 Rxd4 46. Rxg5
a5 47. Rg7+ Kd6 48. Ra7 Ra4 49. Ra6 Kc7 50. Kf2 Ra2+ 51. Ke3 Kb7 52. Kd4 Ra1
53. Be2 Ra2 54. Bf1 Rf2 55. Bd3 Rb2 56. Rxa5 Rb3 57. Be2 Kc7 58. Ra7+ Kd6 59.
Ra6 Rb1 60. Bd3 Rd1 61. Kc3 Kc5 62. Ra5+ Kb6 63. Ra8 c5 64. Ra6+ Kc7 65. Kc2
Rh1 66. Rg6 Rh3 67. Rf6 Rg3 68. Bb5 Kb7 69. Bc6+ Kb6 70. Bxd5+ Kb5 71. Rf4 Rg5
72. Bc4+ Kb6 73. Rf6+ Ka5 74. Kc3 Rg3+ 75. Bd3 c4 76. Kxc4 Rg8 77. Kb3 Rb8+ 78.
Kc3 Ra8 79. Bc4 Ra7 80. Rd6 Ra8 81. Rc6 Ra7 82. Bd3 Ra8 1/2-1/2

[Event "Barbera del Valles"]
[Site "XXIX Open"]
[Date "2006.07.06"]
[Round "2"]
[White "Moreto Quintana, Alex"]
[Black "Alonso Rosell, Alvar"]
[Result "1-0"]
[WhiteElo "2138"]
[BlackElo "2196"]
[PlyCount "59"]
[EventDate "2006.07.05"]
[SourceDate "2006.07.06"]

1. d4 Nf6 2. c4 e6 3. Nc3 c5 4. d5 exd5 5. cxd5 d6 6. e4 g6 7. f4 Bg7 8. e5
Nfd7 9. Ne4 dxe5 10. Nd6+ Ke7 11. Nxc8+ Qxc8 12. Nf3 Re8 13. fxe5 Kf8 14. e6
fxe6 15. Be2 exd5 16. O-O Nf6 17. Ng5 Kg8 18. Rxf6 h6 19. Qxd5+ Kh8 20. Nf7+
Kh7 21. Nd6 Qc6 22. Qxc6 Nxc6 23. Nxe8 Rxe8 24. Rf2 Bd4 25. Kf1 Bxf2 26. Kxf2
Nd4 27. Bf3 Nc2 28. Rb1 Ne1 29. Be2 Nxg2 30. Bb5 1-0

[Event "Barbera del Valles"]
[Site "XXIX Open"]
[Date "2006.07.06"]
[Round "2"]
[White "Losada Cabrera, Francisco Javier"]
[Black "Campo Echevarria, Juan Francisco"]
[Result "1-0"]
[WhiteElo "2195"]
[BlackElo "2133"]
[PlyCount "69"]
[EventDate "2006.07.05"]
[SourceDate "2006.07.06"]

1. e4 c5 2. Nf3 d6 3. d4 cxd4 4. Nxd4 Nf6 5. Nc3 a6 6. Bc4 e6 7. Bb3 b5 8. Bg5
Be7 9. Qf3 Qc7 10. O-O-O O-O 11. e5 dxe5 12. Bxf6 Bb7 13. Bxe5 Bxf3 14. Bxc7
Bxd1 15. Rxd1 Bf6 16. Ne4 Bxd4 17. Rxd4 Nc6 18. Rd6 Ne5 19. f4 Ng4 20. h3 Ne3
21. Rd7 a5 22. a4 bxa4 23. Bxa4 Ra7 24. g3 Nd5 25. Be5 Rxd7 26. Bxd7 Rd8 27.
Nc5 Nb6 28. Bxe6 fxe6 29. Bc7 Rd5 30. Bxb6 e5 31. fxe5 Rxe5 32. Nd3 Rb5 33. Bd4
Kf7 34. c4 Rb3 35. Bc3 1-0

[Event "Barbera del Valles"]
[Site "XXIX Open"]
[Date "2006.07.06"]
[Round "2"]
[White "Molinero Martin, Joan"]
[Black "Hernandez Casillas, Joan"]
[Result "0-1"]
[WhiteElo "2103"]
[BlackElo "2184"]
[PlyCount "60"]
[EventDate "2006.07.05"]
[SourceDate "2006.07.06"]

1. e4 e5 2. Nf3 Nc6 3. Bc4 Be7 4. d4 d6 5. O-O Bg4 6. c3 Nf6 7. Bb5 O-O 8. Qd3
exd4 9. Bxc6 bxc6 10. Nxd4 Bd7 11. Bg5 Ng4 12. Bf4 Bf6 13. Nd2 Rb8 14. b3 Ne5
15. Qg3 Ng6 16. N2f3 Re8 17. Rae1 c5 18. Nf5 Nxf4 19. Qxf4 Bxc3 20. Re3 Qf6 21.
Rc1 Bb2 22. Rd1 Bc6 23. Ng5 h6 24. Nh3 Be5 25. Qg4 Rb4 26. Rde1 Kh7 27. a3 Rbb8
28. Nf4 g6 29. Rh3 gxf5 30. exf5 Bxf4 0-1

[Event "Barbera del Valles"]
[Site "XXIX Open"]
[Date "2006.07.06"]
[Round "2"]
[White "Esquivel, Luis"]
[Black "Fernandez Gonzalez, Julio Honor"]
[Result "1-0"]
[WhiteElo "2179"]
[BlackElo "2079"]
[PlyCount "89"]
[EventDate "2006.07.05"]
[SourceDate "2006.07.06"]

1. e4 e5 2. Nf3 Nc6 3. Bc4 Bc5 4. b4 Bxb4 5. c3 Bd6 6. d4 Qe7 7. O-O Na5 8. Bd3
b6 9. Nbd2 Bb7 10. Re1 Nf6 11. Nf1 c5 12. Ng3 g6 13. Bg5 h6 14. Bh4 c4 15. Bc2
O-O-O 16. Qd2 Kb8 17. Nf1 Ka8 18. Bg3 Nc6 19. Ba4 Bb8 20. Bxc6 Bxc6 21. d5 Bb7
22. a4 d6 23. a5 Nd7 24. axb6 Nxb6 25. Reb1 Qc7 26. Qb2 Nc8 27. N3d2 Rd7 28.
Ne3 f5 29. exf5 gxf5 30. Nxf5 Bxd5 31. Ne3 Ne7 32. f3 Qc6 33. Bf2 Rb7 34. Qa2
Rxb1+ 35. Rxb1 Nc8 36. Nc2 Qc7 37. Nb4 Nb6 38. Na6 Qd8 39. Bxb6 axb6 40. Nb4+
Ba7 41. Nxd5 b5+ 42. Kh1 Rg8 43. Ne4 Qh4 44. Qa6 Qd8 45. Qc6+ 1-0

[Event "Barbera del Valles"]
[Site "XXIX Open"]
[Date "2006.07.06"]
[Round "2"]
[White "Sanchez Jerez, Emilio"]
[Black "Carbonell Bofill, Carlos Eloy"]
[Result "1/2-1/2"]
[WhiteElo "2062"]
[BlackElo "2175"]
[PlyCount "124"]
[EventDate "2006.07.05"]
[SourceDate "2006.07.06"]

1. e4 e6 2. d4 d5 3. e5 c5 4. c3 Nc6 5. Nf3 Bd7 6. Be2 Nh6 7. O-O Nf5 8. Na3
cxd4 9. cxd4 Bxa3 10. bxa3 Qb6 11. Be3 Qb2 12. Qd3 Qb6 13. Rab1 Qc7 14. Rfc1
O-O 15. Bd2 f6 16. g4 Nh6 17. Bxh6 gxh6 18. Qe3 Bc8 19. Kh1 Qg7 20. Rg1 fxe5
21. dxe5 d4 22. Nxd4 Qxe5 23. Qxe5 Nxe5 24. g5 h5 25. Rb5 Ng4 26. f3 e5 27.
fxg4 exd4 28. Bc4+ Kh8 29. gxh5 Bd7 30. Re5 Rae8 31. Rge1 Bc6+ 32. Kg1 Rd8 33.
Re7 Rf5 34. h4 Rf4 35. Bd3 Rxh4 36. Rxh7+ Kg8 37. Ree7 Rh1+ 38. Kf2 Rf8+ 39.
Ke2 Bf3+ 40. Kd2 Rh2+ 41. Ke1 Rh1+ 42. Kd2 Rh2+ 43. Kc1 Rc8+ 44. Rc7 Rxc7+ 45.
Rxc7 Rxh5 46. Bc4+ Kh8 47. g6 Bd5 48. Bxd5 Rxd5 49. Rxb7 a6 50. Kd2 Ra5 51. Rb3
Kg7 52. Rg3 Rc5 53. Rb3 Rc6 54. Kd3 Kxg6 55. Kxd4 Kf5 56. Kd5 Rc2 57. Rb6 a5
58. Rb5 a4 59. Kd6+ Ke4 60. Rb4+ Kd3 61. Rxa4 Rxa2 62. Kc5 Kc3 1/2-1/2

[Event "Barbera del Valles"]
[Site "XXIX Open"]
[Date "2006.07.06"]
[Round "2"]
[White "Fabregas Fernandez, Bernat"]
[Black "Vila Seuba, Joan Carles"]
[Result "1-0"]
[WhiteElo "2170"]
[BlackElo "1982"]
[PlyCount "73"]
[EventDate "2006.07.05"]
[SourceDate "2006.07.06"]

1. e4 g6 2. d4 Bg7 3. c3 d6 4. Nf3 Nf6 5. Bd3 O-O 6. h3 c5 7. dxc5 dxc5 8. O-O
Qc7 9. Qe2 Nc6 10. Be3 b6 11. a4 Na5 12. Na3 a6 13. b4 c4 14. Bc2 Nc6 15. Nxc4
Nd7 16. Nd4 Bb7 17. Rfd1 Rac8 18. Bb3 Nce5 19. Nxe5 Bxe5 20. Bh6 Rfd8 21. Rac1
Nf6 22. Qa2 e6 23. Bg5 Nxe4 24. Bxd8 Rxd8 25. Ne2 Bh2+ 26. Kf1 Rc8 27. Rd4 Qe5
28. Rcd1 Qf5 29. f3 Ng5 30. Rd8+ Rxd8 31. Rxd8+ Kg7 32. Nd4 Qd3+ 33. Qe2 Qxc3
34. h4 e5 35. hxg5 exd4 36. Bxf7 Bg3 37. Rg8+ 1-0

[Event "Barbera del Valles"]
[Site "XXIX Open"]
[Date "2006.07.06"]
[Round "2"]
[White "Del Valle Cirera, Adria"]
[Black "Chalmeta Ugas, Ramon"]
[Result "1/2-1/2"]
[WhiteElo "1964"]
[BlackElo "2167"]
[PlyCount "88"]
[EventDate "2006.07.05"]
[SourceDate "2006.07.06"]

1. e4 c5 2. Nf3 d6 3. d4 cxd4 4. Nxd4 Nf6 5. Nc3 g6 6. Be3 Bg7 7. f3 O-O 8. Qd2
Nc6 9. Bc4 Bd7 10. O-O-O Rc8 11. Bb3 Ne5 12. Kb1 Nc4 13. Bxc4 Rxc4 14. g4 b5
15. b3 Rc8 16. Ndxb5 a6 17. Nd4 Qc7 18. Nd5 Nxd5 19. exd5 e5 20. Ne2 e4 21.
fxe4 Bxg4 22. Rde1 Bf3 23. Rhg1 Bxe4 24. Nd4 Bxd4 25. Qxd4 Qxc2+ 26. Ka1 Qd3
27. Qf6 Qc3+ 28. Qxc3 Rxc3 29. Bd4 Rd3 30. Rxe4 f5 31. Rf4 Re8 32. Rg2 Re1+ 33.
Kb2 Red1 34. Bc3 Rxd5 35. Ra4 R5d3 36. Rxa6 Re3 37. Kc2 Rd5 38. Ra8+ Kf7 39.
Rh8 Rc5 40. Rxh7+ Ke6 41. Rxg6+ Kd5 42. Rhh6 Rexc3+ 43. Kb2 Rc2+ 44. Kb1 Rc1+
1/2-1/2

[Event "Barbera del Valles"]
[Site "XXIX Open"]
[Date "2006.07.06"]
[Round "2"]
[White "Barbero Sendic, Alejandro"]
[Black "Rodriguez Pardo, Fernando"]
[Result "0-1"]
[WhiteElo "2019"]
[BlackElo "2165"]
[PlyCount "102"]
[EventDate "2006.07.05"]
[SourceDate "2006.07.06"]

1. e4 c6 2. d4 d5 3. exd5 cxd5 4. c4 Nc6 5. Nc3 Nf6 6. Bg5 e6 7. Nf3 dxc4 8.
Bxc4 Be7 9. O-O O-O 10. Qd2 Nd5 11. Nxd5 exd5 12. Bxe7 Nxe7 13. Bd3 Bf5 14.
Rfe1 Bxd3 15. Qxd3 Qd6 16. Re2 Ng6 17. Qf5 Rae8 18. Rae1 Rxe2 19. Rxe2 Qa6 20.
Re1 Qxa2 21. h4 Qa5 22. g3 Qd8 23. h5 Ne7 24. Qg4 h6 25. Ne5 Nc6 26. Nd3 Re8
27. Rxe8+ Qxe8 28. Nc5 b6 29. Nb7 Kf8 30. Qf4 Qe7 31. Nd6 Nxd4 32. Qxd4 Qxd6
33. Qa4 a5 34. Qc2 Qc5 35. Qd3 b5 36. b3 a4 37. bxa4 bxa4 38. Qa6 a3 39. Qa8+
Ke7 40. Qb7+ Kf6 41. Kg2 Qc4 42. Qb6+ Kf5 43. Qb7 Kf6 44. Qb6+ Ke5 45. Qb8+ Kd4
46. Qe8 Kc3 47. Qxf7 a2 48. Qxg7+ d4 49. Qa7 Kb2 50. Qb6+ Kc2 51. Qg6+ d3 0-1

[Event "Barbera del Valles"]
[Site "XXIX Open"]
[Date "2006.07.07"]
[Round "3"]
[White "Gonzalez, Yuri"]
[Black "Cruz, Filemon"]
[Result "1/2-1/2"]
[WhiteElo "2491"]
[BlackElo "2397"]
[PlyCount "66"]
[EventDate "2006.07.05"]
[SourceDate "2006.07.06"]

1. d4 Nf6 2. c4 e6 3. Nc3 Bb4 4. Qc2 c5 5. dxc5 Bxc5 6. Nf3 a6 7. a3 Qc7 8. Bg5
Be7 9. e3 d6 10. O-O-O Nbd7 11. Be2 b6 12. Rd2 Bb7 13. Rhd1 Rc8 14. Bf4 e5 15.
Bg5 O-O 16. Kb1 Rfe8 17. Bxf6 Nxf6 18. Ng5 h6 19. Nge4 Nxe4 20. Nxe4 Red8 21.
Nc3 g6 22. g3 Kg7 23. h4 h5 24. Qb3 Bc6 25. Nd5 Bxd5 26. Rxd5 Qc6 27. f4 exf4
28. gxf4 Bxh4 29. f5 Qe8 30. fxg6 fxg6 31. Rxd6 Rxd6 32. Rxd6 Rc6 33. Qc3+ Kh7
1/2-1/2

[Event "Barbera del Valles"]
[Site "XXIX Open"]
[Date "2006.07.07"]
[Round "3"]
[White "Cuartas, Jaime Alexander"]
[Black "Lopez Martinez, Jose Manuel"]
[Result "1/2-1/2"]
[WhiteElo "2466"]
[BlackElo "2480"]
[PlyCount "172"]
[EventDate "2006.07.05"]
[SourceDate "2006.07.06"]

1. e4 e5 2. Nf3 Nc6 3. Bb5 Nf6 4. d3 d6 5. c3 Be7 6. d4 Bd7 7. Nbd2 O-O 8. a4
exd4 9. cxd4 d5 10. e5 Ne4 11. O-O Nb4 12. Bxd7 Qxd7 13. Nb3 Qg4 14. Be3 f6 15.
Rc1 c6 16. exf6 gxf6 17. Ne1 Qxd1 18. Rxd1 Nd6 19. Nc5 Nc4 20. Ncd3 Rfe8 21.
Bf4 Kf7 22. b3 Nb6 23. Nxb4 Bxb4 24. Nd3 Be7 25. Rfe1 Nd7 26. Re3 Nf8 27. Rde1
Ng6 28. Bg3 Bf8 29. Rxe8 Rxe8 30. Rxe8 Kxe8 31. Bb8 a6 32. f3 Nh4 33. Bg3 Nf5
34. Bf2 Ng7 35. g4 Ne6 36. f4 Bd6 37. f5 Nf4 38. Nxf4 Bxf4 39. Kg2 a5 40. h3
Ke7 41. Be1 b6 42. Kf3 Bc7 43. h4 Kf7 44. g5 Bd6 45. Kg4 Kg7 46. Bd2 Ba3 47.
Be3 c5 48. dxc5 bxc5 49. Kf3 Bb4 50. Ke2 Kf7 51. Bf4 Kg7 52. Bc7 Kf7 53. Bd8
fxg5 54. hxg5 Bc3 55. Kd3 Be1 56. Bc7 Ke8 57. Bd6 Bb4 58. Be5 Kf7 59. Bb2 Ke7
60. Ke2 Kf7 61. Be5 Ke7 62. Ke3 Kf7 63. Kd3 Ke7 64. Bc7 Kf7 65. Bf4 Ke7 66. Ke2
Kf7 67. Kf3 Ke7 68. Kg4 Kf7 69. Kh5 Kg7 70. Bd6 d4 71. Kg4 Kf7 72. Bf4 Kg7 73.
Kf3 Kf7 74. Ke4 Be1 75. Kd3 Bc3 76. Be5 Bb4 77. Kc4 Ke7 78. Bg3 Kf7 79. Be5 Ke7
80. g6 hxg6 81. fxg6 Kf8 82. Kd3 Kg8 83. Ke4 Kf8 84. Bf6 Kg8 85. Be5 Kf8 86.
Bf6 Kg8 1/2-1/2

[Event "Barbera del Valles"]
[Site "XXIX Open"]
[Date "2006.07.07"]
[Round "3"]
[White "Vilela, Jose Luis"]
[Black "Porras Mateo, Felipe"]
[Result "1/2-1/2"]
[WhiteElo "2355"]
[BlackElo "2025"]
[PlyCount "120"]
[EventDate "2006.07.05"]
[SourceDate "2006.07.06"]

1. d4 Nf6 2. Nf3 e6 3. c4 d5 4. Nc3 Nbd7 5. Bg5 Be7 6. e3 O-O 7. Rc1 dxc4 8.
Bxc4 c5 9. O-O Nb6 10. Bb3 cxd4 11. Nxd4 e5 12. Nf3 Qxd1 13. Rfxd1 Bg4 14. Bxf6
gxf6 15. Nd5 Nxd5 16. Bxd5 Rfd8 17. h3 Bxf3 18. Bxf3 Rxd1+ 19. Rxd1 Rc8 20. Rd7
Rc1+ 21. Kh2 Kf8 22. Rxb7 Rc2 23. Be4 Rxf2 24. Kg3 Rf1 25. Bd3 Re1 26. Kf2 Rd1
27. Bxh7 Bc5 28. Ke2 Ra1 29. a3 Ra2 30. Bb1 Ra1 31. Be4 Rc1 32. Bd5 Be7 33.
Rxa7 Rc2+ 34. Kd3 Rxb2 35. a4 f5 36. g4 e4+ 37. Kd4 Rd2+ 38. Ke5 f4 39. exf4 e3
40. Bc4 e2 41. Bxe2 Rxe2+ 42. Kf5 Re3 43. Ra8+ Kg7 44. Re8 f6 45. h4 Kf7 46.
Rc8 Rd3 47. Rc4 Ra3 48. Ke4 Rg3 49. Kf5 Rd3 50. Ke4 Rg3 51. g5 fxg5 52. hxg5
Bxg5 53. fxg5 Rxg5 54. Rd4 Rg4+ 55. Kd5 Rxd4+ 56. Kxd4 Ke6 57. Kc5 Kd7 58. Kb6
Kc8 59. Ka7 Kc7 60. a5 Kc8 1/2-1/2

[Event "Barbera del Valles"]
[Site "XXIX Open"]
[Date "2006.07.07"]
[Round "3"]
[White "Asensio Linan, Teodoro"]
[Black "Rustemov, Alexander"]
[Result "0-1"]
[WhiteElo "2244"]
[BlackElo "2565"]
[PlyCount "68"]
[EventDate "2006.07.05"]
[SourceDate "2006.07.06"]

1. e4 e6 2. d3 d5 3. Nd2 Nf6 4. Ngf3 a5 5. e5 Nfd7 6. d4 b6 7. h4 c5 8. c3 Ba6
9. Ng5 h6 10. Nxe6 fxe6 11. Qh5+ Ke7 12. Nf3 g6 13. Qxg6 Qe8 14. Bg5+ hxg5 15.
Qxg5+ Kf7 16. Qg4 Bh6 17. Rh3 Ke7 18. h5 Kd8 19. Nh4 Rg8 20. Ng6 Kc7 21. f4
Bxf1 22. Kxf1 Nc6 23. Qf3 cxd4 24. cxd4 Nxd4 25. Qc3+ Nc6 26. Rc1 Nc5 27. g4
Rxg6 28. hxg6 Qxg6 29. g5 Bxg5 30. fxg5 Rf8+ 31. Kg1 Qxg5+ 32. Kh1 Qf5 33. a3
Qe4+ 34. Kg1 Nd4 0-1

[Event "Barbera del Valles"]
[Site "XXIX Open"]
[Date "2006.07.07"]
[Round "3"]
[White "Chalmeta Ugas, Jordi"]
[Black "De la Paz, Frank"]
[Result "0-1"]
[WhiteElo "2093"]
[BlackElo "2442"]
[PlyCount "80"]
[EventDate "2006.07.05"]
[SourceDate "2006.07.06"]

1. d4 Nf6 2. c4 g6 3. Nc3 Bg7 4. e4 d6 5. f3 O-O 6. Be3 a6 7. Qd2 c6 8. O-O-O
b5 9. g4 Qa5 10. Kb1 Nbd7 11. h4 h5 12. gxh5 Nxh5 13. Nd5 Qd8 14. Nf4 Ng3 15.
Rh2 e5 16. Nfe2 Nh5 17. Bh6 bxc4 18. Bxg7 Kxg7 19. dxe5 dxe5 20. Bh3 Qf6 21.
Bg4 Rh8 22. Qa5 Ra7 23. Qb4 Rb7 24. Qxc4 Nb6 25. Qc2 Be6 26. Bxe6 Qxe6 27. Rc1
c5 28. Nh3 Rd8 29. Ka1 c4 30. f4 exf4 31. Nhxf4 Nxf4 32. Nxf4 Qe5 33. Rf2 Rd4
34. Re1 Re7 35. a3 Rxe4 36. Ref1 Nd5 37. Nxd5 Qxd5 38. Qc3+ Qd4 39. Qxd4+ Rxd4
40. Rf4 Re1+ 0-1

[Event "Barbera del Valles"]
[Site "XXIX Open"]
[Date "2006.07.07"]
[Round "3"]
[White "Torao Compte, Victor"]
[Black "Berrocal Farina, Jorge"]
[Result "1-0"]
[WhiteElo "2011"]
[BlackElo "2317"]
[PlyCount "98"]
[EventDate "2006.07.05"]
[SourceDate "2006.07.06"]

1. e4 c5 2. a3 g6 3. Nc3 Bg7 4. f4 Nc6 5. Nf3 e6 6. e5 d6 7. Bb5 Nge7 8. Ne4
dxe5 9. fxe5 O-O 10. Nf6+ Kh8 11. Ng5 Nxe5 12. Nfxh7 Nf5 13. d3 Qd4 14. Nxf8
Qh4+ 15. Ke2 Nd4+ 16. Kf1 Nxb5 17. Nxf7+ Kg8 18. Bg5 Qd4 19. Nxg6 Nxf7 20. c3
Qd6 21. Ne7+ Kf8 22. Qf3 Ke8 23. Bh4 Nc7 24. Re1 e5 25. Kf2 Be6 26. Qxb7 Rd8
27. Rhf1 Rd7 28. Nc6 Kf8 29. Nb8 Rd8 30. Bxd8 Qxd8 31. Kg1 Nd5 32. Qxa7 Kg8 33.
Nc6 Qg5 34. Qxc5 Nf4 35. Rxf4 Qxf4 36. Qe3 Qg4 37. Qe4 Qg5 38. Qe3 Qh4 39. Qe4
Qg5 40. d4 Qd2 41. Qe2 Qxe2 42. Rxe2 Bc4 43. Re1 exd4 44. Nxd4 Ne5 45. b3 Bd5
46. Nf5 Nd3 47. Re3 Nf4 48. Nxg7 Kxg7 49. c4 Bxg2 1-0

[Event "Barbera del Valles"]
[Site "XXIX Open"]
[Date "2006.07.07"]
[Round "3"]
[White "Alonso Moyano, Jonathan"]
[Black "Esquivel, Luis"]
[Result "1-0"]
[WhiteElo "2372"]
[BlackElo "2179"]
[PlyCount "55"]
[EventDate "2006.07.05"]
[SourceDate "2006.07.06"]

1. e4 e6 2. d4 d5 3. Nd2 Nf6 4. e5 Nfd7 5. f4 c5 6. c3 Nc6 7. Ndf3 Be7 8. Bd3
Qa5 9. Ne2 cxd4 10. Nexd4 Nxd4 11. Nxd4 Qb6 12. O-O f5 13. Be3 Nc5 14. b4 Nxd3
15. Nxf5 Qb5 16. Nxg7+ Kd8 17. Qd2 Rg8 18. Nh5 Bd7 19. Rfd1 Be8 20. Ng3 Rxg3
21. hxg3 Bg6 22. g4 Be4 23. Bd4 Bh4 24. f5 Qe8 25. Qh6 Bg3 26. Rxd3 Bxd3 27.
Qe3 exf5 28. Qxg3 1-0

[Event "Barbera del Valles"]
[Site "XXIX Open"]
[Date "2006.07.07"]
[Round "3"]
[White "Hernandez Casillas, Joan"]
[Black "Asis Gargatagli, Hipolit"]
[Result "0-1"]
[WhiteElo "2184"]
[BlackElo "2371"]
[PlyCount "54"]
[EventDate "2006.07.05"]
[SourceDate "2006.07.06"]

1. c4 g6 2. Nc3 Bg7 3. d4 d6 4. e4 e5 5. Be3 exd4 6. Bxd4 Nf6 7. f3 O-O 8. Qd2
Nc6 9. Be3 Be6 10. Bd3 Ne5 11. b3 b5 12. cxb5 d5 13. Nge2 dxe4 14. Bxe4 Nxe4
15. fxe4 Nd3+ 16. Kf1 f5 17. exf5 Bxf5 18. Kg1 Qh4 19. Rd1 Rad8 20. Rf1 Rfe8
21. Bxa7 Bh6 22. Qd1 Nc5 23. Bxc5 Rxd1 24. Rxd1 Bg4 25. Bf2 Be3 26. g3 Bxf2+
27. Kxf2 Qf6+ 0-1